| 000 | 00578nam a22002057a 4500 | ||
|---|---|---|---|
| 005 | 20230403114315.0 | ||
| 008 | 230403b ||||| |||| 00| 0 eng d | ||
| 040 | _cAL | ||
| 041 | _aEnglish | ||
| 082 |
_223 _a541/126 _bLAST |
||
| 100 |
_aV S Lasrado _982537 |
||
| 245 | _aText Book of Chemistry: For First Year PUC of Karnataka State | ||
| 260 |
_aMangalore _bUnited Publishers _c1986 |
||
| 300 |
_a310 p. _bPB _c21x13.5 cm. |
||
| 440 |
_aVol I _982521 |
||
| 650 |
_aChemistry _982522 |
||
| 700 |
_aLASRADO (V S) _982530 |
||
| 700 |
_aDSOUZA (A) _982531 |
||
| 942 |
_2ddc _cBK |
||
| 999 |
_c227130 _d227130 |
||